000 nam a22 7a 4500
999 _c234470
_d234470
003 Nust
005 20170321121500.0
008 170321b xxu||||| |||| 00| 0 eng d
040 _c0
082 _a016.301 JHA
100 _aJhalandar,Dr Shafiq.
245 _aSahafat aur Ablagh
_cDr Shafiq Jhalandar,
260 _aLahore
_bA-One publication
_c2008
300 _a368 p.
500 _aH.B
942 _2ddc
_cBK
_k016.301 JHA